header

DB2 for z/OS and OS/390 (Record no. 210155)

MARC details
000 -LEADER
fixed length control field 01390nam a2200349Ia 4500
082 04 - DEWEY DECIMAL CLASSIFICATION NUMBER
Classification number 005.2/762
245 00 - TITLE STATEMENT
Title DB2 for z/OS and OS/390
250 ## - EDITION STATEMENT
Edition statement 1st ed.
260 ## - PUBLICATION, DISTRIBUTION, ETC. (IMPRINT)
Place of publication [S.l.] :
Name of publisher IBM, International Technical Support Organization,
Year of publication 2003.
300 ## - PHYSICAL DESCRIPTION
Number of Pages xxiv, 334 p. :
Other physical details ill.
490 1# - SERIES STATEMENT
Series statement IBM redbooks
500 ## - GENERAL NOTE
General note "December 2003."
650 #0 - SUBJECT ADDED ENTRY--TOPICAL TERM
Topical Term Java (Computer program language)
700 1# - ADDED ENTRY--PERSONAL NAME
Personal name Steegmans, Bart.
856 40 - ELECTRONIC LOCATION AND ACCESS
Uniform Resource Identifier http://site.ebrary.com/lib/rucke/Doc?id=10112380

No items available.

© 2026 Rongo University
Contact us: librarian | system librarian | Rongo university